ශ්රී ලංකාවේ ජන කතා/
Saved in:
| Other Authors: | , |
|---|---|
| Format: | Book |
| Language: | English Sinhalese |
| Published: |
සහභාගිත්ව සංවර්ධන පර්ෂදය;
කෝට්ටේ,
|
| Series: | ජන කතා මාලා -1
|
| Subjects: | |
| Tags: |
Add Tag
No Tags, Be the first to tag this record!
|
MARC
| LEADER | 00000nam a22000007a 4500 | ||
|---|---|---|---|
| 003 | LK-VePL | ||
| 005 | 20251021123503.0 | ||
| 008 | 251021b |||||||| |||| 00| 0 eng d | ||
| 020 | |a 9559140050 | ||
| 040 | |a LK-VePL |b sin |d LK-VePL | ||
| 041 | |a sin | ||
| 082 | |a 398 |b ලංකා | ||
| 245 | |a ශ්රී ලංකාවේ ජන කතා/ |c සංස්කරණය ළුස්. විජේසූරිය සහ වෙනත් අය | ||
| 260 | |a සහභාගිත්ව සංවර්ධන පර්ෂදය; |b කෝට්ටේ, | ||
| 300 | |a පි. 56, |c සෙ.මී. 21 | ||
| 490 | |a ජන කතා මාලා -1 | ||
| 650 | 0 | |a ජන කතා | |
| 700 | |a ගුණවර්ධන, ළු්.ජේ. |e සංස්කාරක | ||
| 700 | |a ගනනාථපිල්ලෙ .පී |e සංස්කාරක | ||
| 942 | |c LBK | ||
| 999 | |c 13025 |d 13025 | ||